000 00685nam a2200241Ia 4500
003 OSt
005 20220924114656.0
006 a|||||r|||| 00| 0
007 ta
008 220923b |||||||| |||| 00| 0 tel d
024 _a270933
037 _cTextual
040 _aARTS
_cARTS
_btel
041 _2tel
_atel
082 _aO35,2M95,KA, 111L5
100 _aChandrasekharam Veluri
_9174754
245 0 _aKanchanamala tr by Amarendra
260 _aBrodiepet
_bRadhaPublications
_c1975
300 _aviii,150p.
_ccm.
650 _aTELUGU LITERATURE
942 _hO35,2M95,KA, 111L5
_cTEXL
_2CC
999 _c394734
_d394734